00776cam a2200241 a 450000100090000000300050000900500170001400800410003101000170007202000150008904000180010405000200012208200120014210000500015424500450020425000120024926000350026130000450029650000200034165000110036185600870037285600750045913403326NUST20180521063532.0031114s2005 maua 001 0 eng  a 2003067466 a0072875879 aDLCcDLCdDLC00aBC61b.L28 200500a1602221 aLayman, C. Stephenq(Charles Stephen),d1950-14aThe power of logic /cC. Stephen Layman. a3rd ed. aBoston :bMcGraw-Hill,cc2005. aix, 598 p. :bill. (some col.) ;c24 cm. aIncludes index. 0aLogic.423Publisher descriptionuhttp://www.loc.gov/catdir/description/mh051/2003067466.html413Table of contentsuhttp://www.loc.gov/catdir/toc/mh041/2003067466.html